000
00310nam a22001337a 4500
003
SGT
082
_a
342.095 4,BAS
100
_a
BASU,D.D.
245
_a
INTRODUCTION TO THE CONSTITUTION OF INDIA
260
_a
GURGAON
_b
LEXIS,NEXIS
_c
2014
300
_a
526
650
_a
CONSTITUTION OF INDIA
942
_2
ddc
_c
BK
999
_c
11273
_d
11273